<The> Possible use of management tools in leading a business and its connection to benchmarking

Popis roztriedenia manažérskych nástrojov do skupín podľa toho, aké faktory a v akých fázach riadenia podniku je možné nimi ovplyvňovať orientáciu manažéra a jeho postoje.

Enregistré dans:
Détails bibliographiques
Auteur principal: Duspíva, Pavel
Autres auteurs: Jetmarová, Barbora
Format: Chapitre de livre
Langue:anglais
Sujets:
Tags: Ajouter un tag
Pas de tags, Soyez le premier à ajouter un tag!

MARC

LEADER 00000naa a2200000 4500
001 0126624
005 20231128130829.7
041 0 |a eng 
044 |a CZ 
245 1 0 |a <The> Possible use of management tools in leading a business and its connection to benchmarking  |c Pavel Duspíva, Barbora Jetmarová 
520 |a Popis roztriedenia manažérskych nástrojov do skupín podľa toho, aké faktory a v akých fázach riadenia podniku je možné nimi ovplyvňovať orientáciu manažéra a jeho postoje. 
610 2 0 |a riadenie podnikové 
610 2 0 |a benchmarking 
610 2 0 |a rozhodovanie manažérske 
610 2 0 |a faktory výrobné 
100 1 |a Duspíva, Pavel 
700 1 |a Jetmarová, Barbora